Reconocimiento débil: derecho de los pueblos indígenas en Chile/

Furkejuvvon:
Bibliográfalaš dieđut
Váldodahkki: Fuentes, Claudio
Eará dahkkit: Cea, Maite de
Materiálatiipa: Girji
Giella:Spanish
Fáddágilkorat: Lasit fáddágilkoriid
Eai fáddágilkorat, Lasit vuosttaš fáddágilkora!

MARC

LEADER 00000nam a22000007a 4500
003 cru CIDCACS/IIS
005 20171116153121.0
007 ta
008 171116s2017 mx |||p|r|||| 00| 0 spa d
999 |c 40623  |d 40623 
040 |c cru CIDCACS/IIS 
100 1 |9 6028  |a Fuentes, Claudio 
245 1 |a Reconocimiento débil:  |b derecho de los pueblos indígenas en Chile/  |c Claudio Fuentes, Maite de Cea 
300 |a páginas 55-75:  |b tablas 
700 1 |9 6029  |a Cea, Maite de 
773 0 |0 19269  |9 1587  |a FLACSO, México  |d México: FLACSO  |o 18360  |t Perfiles Latinoamericanos /  |x 01887653 
942 |2 ddc  |c PP